| 000 | 01162nam a2200265 a 4500 | ||
|---|---|---|---|
| 001 | 40405 | ||
| 003 | BD-RjUL | ||
| 005 | 20211209053215.0 | ||
| 008 | 160430s1971 ii |||| |||| 00| 0 ben d | ||
| 020 | _c:IRs. 8.00 | ||
| 035 | _a(BD-RjUL)40520 | ||
| 040 |
_aBD-RjUL _bben _cBD-RjUL |
||
| 041 | _aben | ||
| 082 |
_223 _a891.441 _bROK 1971 |
||
| 245 |
_aবাঙলাদেশকে রক্ততিলক / _cমৃণাল চট্টোপাধ্যায়, অমিয়ধন মুখোপাধ্যায় সম্পাদিত |
||
| 250 | _a২য় সং. | ||
| 260 |
_aমণি প্রকাশনী : _bকলকাতা, _c১৯৭১ |
||
| 300 |
_aবিভিন্ন রকম পৃ. ; _c২৩ সেমি. |
||
| 500 | _aবাঙলাদেশের সাহায্যার্থে | ||
| 650 |
_aবাংলা কবিতা _9124469 |
||
| 650 |
_aBengali poetry _9124470 |
||
| 700 |
_aচট্টোপাধ্যায়, মৃণাল সম্পাদক _9124471 |
||
| 700 |
_aমুখোপাধ্যায়, অমিয়ধন সম্পাদিত _9124472 |
||
| 942 |
_2ddc _cBK |
||
| 999 |
_c40405 _d40405 |
||